Nie sme low cost operátor !
Rozhovor s výkonnou riaditeľkou pre komunikáciu a marketingovým riaditeľom spoločnosti Telefónica O2. Potenciál O2 na slovenskom trhu. Záujem o služby O2. Dôvody, prečo respondenti zvažujú pripojenie k sieti O2. Koho O2 ohrozí - väčšie straty hrozia T-Mobilu.
Na minha lista:
| Autor principal: | |
|---|---|
| Outros Autores: | , |
| Formato: | Capítulo de Livro |
| Idioma: | eslovaco |
| Assuntos: | |
| Tags: |
Sem tags, seja o primeiro a adicionar uma tag!
|
MARC
| LEADER | 00000naa$a2200000$$$4500 | ||
|---|---|---|---|
| 001 | 0055599 | ||
| 005 | 20231127111632.8 | ||
| 041 | 0 | |a slo | |
| 044 | |a SK | ||
| 245 | 1 | 0 | |a Nie sme low cost operátor ! |c Renata Môciková, Martina Hrivnáková, Alberto Pamias |
| 520 | |a Rozhovor s výkonnou riaditeľkou pre komunikáciu a marketingovým riaditeľom spoločnosti Telefónica O2. Potenciál O2 na slovenskom trhu. Záujem o služby O2. Dôvody, prečo respondenti zvažujú pripojenie k sieti O2. Koho O2 ohrozí - väčšie straty hrozia T-Mobilu. | ||
| 610 | 2 | 0 | |a telekomunikácie |
| 610 | 2 | 0 | |a telefón mobilný |
| 610 | 2 | 0 | |a operátori |
| 610 | 2 | 0 | |a Slovensko |
| 610 | 2 | 0 | |a 2007 |
| 100 | 1 | |a Môciková, Renata | |
| 700 | 1 | |a Hrivnáková, Martina | |
| 700 | 1 | |a Pamias, Alberto | |